| 000 | 01485nam a2200349 a 4500 | ||
|---|---|---|---|
| 001 | ebr10275447 | ||
| 003 | CaPaEBR | ||
| 006 | m u | ||
| 007 | cr cn||||||||| | ||
| 008 | 060530s2007 ilua sb 101 0 eng | ||
| 010 | _z 2006045683 | ||
| 020 | _z9780226184975 (cloth : alk paper) | ||
| 020 | _z0226184978 (cloth : alk paper) | ||
| 040 |
_aCaPaEBR _cCaPaEBR |
||
| 035 | _a(OCoLC)646795952 | ||
| 043 | _ad------ | ||
| 050 | 1 | 4 |
_aHG3891 _b.C356 2007eb |
| 082 | 0 | 4 |
_a332/.042409172 _222 |
| 084 |
_a83.50 _2bcl |
||
| 245 | 0 | 0 |
_aCapital controls and capital flows in emerging economies _h[electronic resource] : _bpolicies, practices, and consequences / _cedited by Sebastian Edwards. |
| 260 |
_aChicago : _bUniversity of Chicago Press, _cc2007. |
||
| 300 |
_aix, 688 p. : _bill. |
||
| 490 | 1 | _aA National Bureau of Economic Research conference report | |
| 504 | _aIncludes bibliographical references and indexes. | ||
| 533 |
_aElectronic reproduction. _bPalo Alto, Calif. : _cebrary, _d2013. _nAvailable via World Wide Web. _nAccess may be limited to ebrary affiliated libraries. |
||
| 650 | 0 |
_aCapital movements _zDeveloping countries _vCongresses. |
|
| 655 | 7 |
_aElectronic books. _2local |
|
| 700 | 1 |
_aEdwards, Sebastian, _d1953- |
|
| 710 | 2 | _aebrary, Inc. | |
| 830 | 0 | _aNational Bureau of Economic Research conference report. | |
| 856 | 4 | 0 |
_uhttp://site.ebrary.com/lib/rucke/Doc?id=10275447 _zAn electronic book accessible through the World Wide Web; click to view |
| 999 |
_c5938 _d5938 |
||